Paesi che Iniziano con la S - Quiz con mappa - Statistics

Statistiche generali
  • Questo quiz è stato fatto 114 volte
  • Il punteggio medio è 21 su 24
Risposte nella Mappa
Le risposte nella mappa del quiz sottostante sono codificate secondo una scala di colori dal rosso al verde in base alla % di persone che hanno risposto correttamente.
 
Statistiche sulle risposte
Paese % Corretto
Spagna
100%
Svezia
98%
Svizzera
98%
Sudafrica
97%
Serbia
96%
Stati Uniti
96%
Slovenia
95%
Slovacchia
94%
Suriname
94%
Somalia
93%
Sudan
93%
San Marino
92%
Siria
90%
Sri Lanka
88%
Senegal
87%
Sud Sudan
86%
Seychelles
82%
Samoa
79%
Sierra Leone
77%
Singapore
77%
Saint Lucia
74%
São Tomé e Príncipe
71%
Saint Vincent e Grenadine
68%
Saint Kitts e Nevis
66%
Nessun quiz corrispondente trovato
Distribuzione punteggi
Percentuale di utenti per punteggio
Percentile per numero di risposta
I tuoi punteggi nel tempo
Non hai fatto questo quiz